00306nam a2200121Ia 4500008004100000041000800041082001200049100001100061245004300072260003300115300001900148999001700167241015s9999 xx 000 0 und d aeng a650 BUR aBurton aBusiness Skills All-In-One For Dummies bWiley IndiaaNew Delhic2012 a586;. P. 23 cm c41869d41869